Normal view
MARC view
- المكتبة-التربية
Entry Topical Term
001 - CONTROL NUMBER
- control field: 16893
003 - CONTROL NUMBER IDENTIFIER
- control field: JO-AjAnu
005 - DATE AND TIME OF LATEST TRANSACTION
- control field: 20230606073008.0
008 - FIXED-LENGTH DATA ELEMENTS
- fixed length control field: 230606|| aca||aabn | a|a d
040 ## - CATALOGING SOURCE
- Original cataloging agency: JO-AjAnu
- Transcribing agency: JO-AjAnu
150 ## - HEADING--TOPICAL TERM
- Topical term or geographic name entry element: المكتبة-التربية
670 ## - SOURCE DATA FOUND
- Source citation: Work cat.: (JO-AjAnu)8674: تاليف رالف ، ز.ج /ترجمة مصطفى الصاوي الجويني , author 16892, المكتبة ودورها في التربية